000 00476nam a2200193 a 4500
001 1761205392383
003 ACL
005 20251023131505.0
008 251023s2005##################000#0#eng##
020 _a9780071432177
082 0 4 _a658.7
_bCOH
100 1 _aCohen, Shoshanah,
_eauthor.
245 1 0 _aStrategic Supply Chain :
260 _bMcGraw-Hill,
_c2005.
300 _a344 pages
650 0 _aBusiness & Economics.
942 _cENGLISH
040 _aACL
_beng
_cACL
999 _c592855
_d592855